| 000 | 01620nam0a2200373 4500 | ||
|---|---|---|---|
| 001 | RU\NLR\BIBL_A\012069486 | ||
| 005 | 20260407063216.0 | ||
| 010 |
_a978-5-6042358-6-7 _9120 |
||
| 021 |
_aRU _b2019-49330 _9КН-П-3581 |
||
| 035 | _a(RuMoRGB)010028710 | ||
| 035 | _a(NLR Aleph) 012069486 | ||
| 090 |
_a11748093 _c11748093 |
||
| 100 | _a20190805d2019 |||y0rusy50 ca | ||
| 101 | 0 | _arus | |
| 102 | _aRU | ||
| 105 | _aa|||z|||000zy | ||
| 200 | 1 |
_aСамоучитель по Таро Уэйта _e[книга руководство] _fСклярова Вера |
|
| 210 |
_aНижний Новгород _cМосквичев А.Г. _d2019 |
||
| 215 |
_a115, [3] с. _cил. _d21 _e78 цв. карт |
||
| 309 | _aКн. и карт. вложены в коробку с загл.: Таро Уэйта для начинающих Веры Скляровой | ||
| 333 | _a16+ | ||
| 500 | 1 | 0 |
_aТаро Уэйта _4570 |
| 517 | 1 | _aТаро Уэйта для начинающих Веры Скляровой | |
| 606 |
_aТаро _92073672 _3RU\NLR\AUTH\661248597 |
||
| 686 | 2 | _aЭ391.215 | |
| 700 | 1 |
_8rus _7ca _aСклярова _bВ. А. _gВера Анатольевна _3RU\NLR\AUTH\7713412 _9123102 |
|
| 702 | 1 |
_4570 _8rus _7ca _aУэйт _bА. Э. _f1857-1942 _gАртур Эдвард _3RU\NLR\AUTH\7784513 _967441 |
|
| 852 |
_aNLR _jИгр/2314 |
||
| 942 | _cBOOK | ||
| 980 | _aNB | ||